Cost cutting (Record no. 77033)

MARC details
000 -LEADER
fixed length control field 01698cab a2200277 4500
001 - CONTROL NUMBER
control field ##L133485
008 - FIXED-LENGTH DATA ELEMENTS--GENERAL INFORMATION
fixed length control field 060512n2006 000 0 eng u
035 ## - SYSTEM CONTROL NUMBER
System control number (Sirsi) u133485
041 0# - LANGUAGE CODE
Language code of text/sound track or separate title eng
110 2# - MAIN ENTRY--CORPORATE NAME
Corporate name or jurisdiction name as entry element Kings Chambers
9 (RLIN) 4926
245 00 - TITLE STATEMENT
Title Cost cutting
260 ## - PUBLICATION, DISTRIBUTION, ETC.
Date of publication, distribution, etc. 2006
490 #0 - SERIES STATEMENT
Series statement New Law Journal
Volume/sequential designation 156(7223) 5 May 2006, 737-739(3)
520 ## - SUMMARY, ETC.
Summary, etc. Examines how far courts are prepared to make orders for costs against litigants who refuse to negotiate or take part in mediation. In "Hickman v Blake Lapthorn" ([2006] EWHC 12 (QB), unreported) it was held that a barrister who had legitimate and reasonable reasons for refusing to mediate should not be penalised as regards costs. There is no certainty, therefore, that courts will penalise parties who refuse to mediate. Where a compromise of a dispute has been reached, but there is no agreement as to costs, the decisions in "Promar International Ltd v Clarke" ([2006] EWCA Civ 332, unreported) and "BCT Software Solutions Ltd v C Brewer and Sons Ltd" ([2003] EWCA Civ 939, unreported) make it clear that parties may not resort to the courts for a decision as to costs alone, and that the courts will not regard the dispute as settled if the question of costs is still outstanding
590 ## - LOCAL NOTE (RLIN)
Local note IKA230506
650 24 - SUBJECT ADDED ENTRY--TOPICAL TERM
Topical term or geographic name entry element HICKMAN V LAPTHORN AND ANOTHER
650 24 - SUBJECT ADDED ENTRY--TOPICAL TERM
Topical term or geographic name entry element PROMAR INTERNATIONAL LTD V CLARKE
650 24 - SUBJECT ADDED ENTRY--TOPICAL TERM
Topical term or geographic name entry element BCT SOFTWARE SOLUTIONS LTD V C BREWER AND SONS LTD
651 #4 - SUBJECT ADDED ENTRY--GEOGRAPHIC NAME
Geographic name England and Wales
Chronological subdivision 1543-
690 ## - LOCAL SUBJECT ADDED ENTRY--TOPICAL TERM (OCLC, RLIN)
Topical term or geographic name as entry element MANAGEMENT-DISPUTE AVOIDANCE, MANAGEMENT AND RESOLUTION-DISPUTE MANAGEMENT AND RESOLUTION
700 1# - ADDED ENTRY--PERSONAL NAME
Personal name Friston, M.
700 1# - ADDED ENTRY--PERSONAL NAME
Personal name Hughes, P.
700 1# - ADDED ENTRY--PERSONAL NAME
Personal name McGee, A.
700 1# - ADDED ENTRY--PERSONAL NAME
Personal name Smith, M.
942 ## - ADDED ENTRY ELEMENTS (KOHA)
Suppress in OPAC 0
Holdings
Withdrawn status Lost status Source of classification or shelving scheme Damaged status Not for loan Home library Current library Shelving location Date acquired Total Checkouts Full call number Barcode Date last seen Copy number Price effective from Koha item type
    Dewey Decimal Classification     London London Journal article 12/05/2006   L133485 133485-1001 06/08/2019 1 06/08/2019 Journal article